| Tag |
First Indicator |
Second Indicator |
Subfields |
| LEADER |
00000cam a2200000 a 4500 |
| 001 |
in00001407052 |
| 005 |
20151020073110.0 |
| 008 |
970729s1998 mau b 001 0 eng |
| 010 |
|
|
|a 97036018
|
| 020 |
|
|
|a 0807041181 (cloth)
|
| 035 |
|
|
|a (OCoLC)37418402
|
| 035 |
|
|
|9 AHQ4022AM
|
| 040 |
|
|
|a DLC
|c DLC
|d C#P
|d TXA
|d UtOrBLW
|
| 049 |
|
|
|a TXAM
|
| 050 |
0 |
0 |
|a HQ1073
|b .H37 1998
|
| 082 |
0 |
0 |
|a 306.9
|2 21
|
| 100 |
1 |
|
|a Harmon, Louise.
|
| 245 |
1 |
0 |
|a Fragments on the deathwatch /
|c Louise Harmon.
|
| 264 |
|
1 |
|a Boston :
|b Beacon Press,
|c [1998]
|
| 264 |
|
4 |
|c ©1998
|
| 300 |
|
|
|a 228 pages ;
|c 24 cm.
|
| 336 |
|
|
|a text
|b txt
|2 rdacontent
|
| 337 |
|
|
|a unmediated
|b n
|2 rdamedia
|
| 338 |
|
|
|a volume
|b nc
|2 rdacarrier
|
| 504 |
|
|
|a Includes bibliographical references (pages 185-201) and index.
|
| 650 |
|
0 |
|a Death
|x Social aspects.
|
| 650 |
|
0 |
|a Death
|x Psychological aspects.
|
| 650 |
|
0 |
|a Right to die.
|
| 650 |
|
0 |
|a Terminal care.
|
| 948 |
|
|
|a c:ce
|
| 999 |
|
|
|a MARS
|
| 999 |
f |
f |
|s 24e1a9a9-c898-34f2-9284-87ca1ec4ddec
|i 0020fb0b-a3ed-357b-91b5-3bd6da0bcd51
|t 0
|
| 952 |
f |
f |
|p ric
|a Texas A&M University
|b Rellis Campus
|c Joint Library Facility
|d Remote Storage
|t 0
|e HQ1073 .H37 1998
|h Library of Congress classification
|i unmediated -- volume
|m A14823345191
|
| 998 |
f |
f |
|a HQ1073 .H37 1998
|t 0
|l Remote Storage
|